000 00823nam a2200229 i 4500
001 186936
003 ES-MaACL
005 20250927162922.0
008 170303s1971 sp ao |||| | spa d
080 _a72
100 1 _aBardi, P. M.
_9150537
245 1 0 _aViaje a través de la arquitectura /
_cP. M. Bardi ; [traducción de Esteban Riambau].
260 _aBarcelona :
_bNoguer,
_c[1971]
300 _a127 p. :
_bil. col. y n., fot. ;
_c26 cm.
490 1 _aInternational library. Biblioteca de divulgación ;
_v10
500 _aÍndice onomástico.
650 0 4 _aArquitectura-
_vHistoria
_99995
700 1 _aRiambau, Esteve,
_d1925-1994
_9156353
830 0 _aInternational library. Biblioteca de divulgación ;
_v10
_9192697
852 _aES-MaACL
_jL-31179
_z- enc. cart.
999 _c186936
_d186936